000
00332 a2200145 4500
001
149420
040
_c
Escola São Tomás de Aquino
100
_a
MACHADO, Ana Maria
240
1
0
_a
Gente, bicho, planta:
_l
por
245
1
0
_a
Gente, bicho, planta:
300
_a
35
362
0
_a
2014
697
_a
*LITERATURA INFANTO
942
_c
BK
999
_c
149420
_d
149420